Internal-combustion engines (Record no. 20584)

000 -LEADER
fixed length control field 00522nam a22001931 4500
001 - CONTROL NUMBER
control field 20584
003 - CONTROL NUMBER IDENTIFIER
control field BD-DhUET
008 - FIXED-LENGTH DATA ELEMENTS--GENERAL INFORMATION
fixed length control field 750306s1945 nyua b 000 0 eng
040 ## - CATALOGING SOURCE
Original cataloging agency DLC
Transcribing agency DLC
Modifying agency BD-DhUET
082 ## - DEWEY DECIMAL CLASSIFICATION NUMBER
Classification number 621.43
Item number MAL/1945
100 ## - MAIN ENTRY--PERSONAL NAME
Personal name Maleev, V. L.
245 10 - TITLE STATEMENT
Title Internal-combustion engines
Remainder of title theory and design
250 ## - EDITION STATEMENT
Edition statement 2nd ed.
260 ## - PUBLICATION, DISTRIBUTION, ETC. (IMPRINT)
Place of publication, distribution, etc. London
Name of publisher, distributor, etc. McGraw-Hill
Date of publication, distribution, etc. 1945
300 ## - PHYSICAL DESCRIPTION
Extent xii, 636 p.
Other physical details ill.
Dimensions 22 cm.
504 ## - BIBLIOGRAPHY, ETC. NOTE
Bibliography, etc Includes bibliographies
650 #0 - SUBJECT ADDED ENTRY--TOPICAL TERM
Topical term or geographic name as entry element Internal combustion engines
942 ## - ADDED ENTRY ELEMENTS (KOHA)
Koha item type General Book
Holdings
Koha normalized classification for sorting Piece designation (barcode) Sublocation or collection (holding branch) Shelving location Koha full call number Lost status Damaged status Date acquired Koha item type Not for loan Koha date last seen Withdrawn status Source of classification or shelving scheme Location (home branch) Price effective from Copy number
621_430000000000000_MAL_194520397Central Library, BUETCirculation section621.43/MAL/1945  2015-04-12General Book 2015-04-12  Central Library, BUET2015-04-121
621_430000000000000_MAL_19456558Central Library, BUETCirculation section621.43/MAL/1945  2015-04-13General Book 2015-04-13  Central Library, BUET2015-04-132
621_430000000000000_MAL_19451951aCentral Library, BUETCirculation section621.43/MAL/1945  2015-04-13General Book 2015-04-13  Central Library, BUET2015-04-133
621_430000000000000_MAL_194511309Central Library, BUETCirculation section621.43/MAL/1945  2015-04-18General Book 2015-04-18  Central Library, BUET2015-04-184
621_430000000000000_MAL_194543348Central Library, BUETReading section621.43/MAL/1945  2015-06-16Reading Item 2015-06-16  Central Library, BUET2015-06-165
621_430000000000000_MAL_194516327Central Library, BUETReading section621.43/MAL/1945  2015-06-30Reading Item 2015-06-30  Central Library, BUET2015-06-306
621_430000000000000_MAL_194543347Central Library, BUETReading section621.43/MAL/1945  2015-07-02Reading Item 2015-07-02  Central Library, BUET2015-07-027